Jurko sa nestihol poumývať

Bibliographic Details
Main Author: Teta Margita, 1901-1993 (Author)
Other Authors: Kováčik, Andrej, 1889-1953 (Illustrator)
Format: Article
Language:Slovak
PhysicalDescription:Obr.
Subjects:

MARC

LEADER 00000nab a22000001a 4500
001 vtls009168829
003 SK-MaSNL
005 20260304215116.0
008 071219d1937 xo |r|p|||| |000 b|slo
015 |a SNBRRBVU1918-1938 
038 |a SNKBUCL 
038 |a SNKBUVU 
040 |a SNKBUVU  |b slo  |c SNKBUCL  |e AACR2 
041 0 |a slo 
044 |a xo  |c SK 
080 |a 75.071.1  |2 1997 
080 |a 75.05(084.1)  |2 1997 
080 |a 821.162.4  |2 1997 
100 0 |a Teta Margita,  |d 1901-1993  |4 aut  |9 184117 
245 1 0 |a Jurko sa nestihol poumývať  |c [autor] Teta Margita ; [ilustr.] Andrej Kováčik 
300 |b Obr. 
650 0 7 |a ilustrácie  |2 MM  |9 2743 
655 7 |a slovenské poviedky  |2 snkbucl  |9 70226 
700 1 |a Kováčik, Andrej,  |d 1889-1953  |4 ill  |9 103145 
773 0 |t Priateľ dietok  |g Roč. 12, č. 5 (1937), s. 67-70 
852 |a SNK  |b KIS3GCP 
910 |a snkrbvumm 
958 |a VY 
958 |a LX 
999 |c 3144841  |d 3146771